[Event "6th EUR-ch (w)"]
[Site "Chisinau MDA"]
[Date "2005.06.23"]
[Round "12"]
[White "Kuzevanova, Evgenia"]
[Black "Gheorghe, Corina"]
[Result "1/2-1/2"]
[WhiteElo "2124"]
[BlackElo "2234"]
[EventDate "2005.06.10"]
[PlyCount "85"]

1.e4 c5 2.Nf3 d6 3.d4 cxd4 4.Qxd4 Nc6 5.Bb5 Bd7 6.Bxc6 Bxc6 7.Nc3 Nf6 8.
Bg5 e6 9.O-O-O Be7 10.Rhe1 Qa5 11.Kb1 O-O 12.Qd2 Qa6 13.Nd4 Rfc8 14.f3 Be8
15.g4 b5 16.Rg1 b4 17.Nce2 Rab8 18.Ng3 Qa5 19.Nb3 Qb5 20.h4 Rb6 21.Nh5 Qe5
22.Be3 Ra6 23.Qxb4 Nxh5 24.gxh5 Qh2 25.Rd2 Qxh4 26.Rdg2 g6 27.hxg6 hxg6 
28.Qd2 Qh5 29.f4 Qb5 30.f5 Qa4 31.a3 Qxe4 32.fxg6 fxg6 33.Rg4 Qd5 34.Qh2 
Bf6 35.Rxg6+ Bxg6 36.Rxg6+ Bg7 37.Nd4 Rb6 38.Rxg7+ Kxg7 39.Qh6+ Kf7 40.
Qh7+ Kf6 41.Qh6+ Kf7 42.Qh7+ Kf6 43.Qh6+ 1/2-1/2

[Event "6th EUR-ch (w)"]
[Site "Chisinau MDA"]
[Date "2005.06.23"]
[Round "12"]
[White "Grishina, Alexandra"]
[Black "Burtasova, Anna"]
[Result "0-1"]
[WhiteElo "2065"]
[BlackElo "2223"]
[EventDate "2005.06.10"]
[PlyCount "78"]

1.b3 d5 2.Nf3 Nf6 3.Bb2 e6 4.e3 Bd6 5.d4 c5 6.Be2 O-O 7.O-O Nc6 8.Nbd2 a6 
9.c4 cxd4 10.exd4 Re8 11.Ne5 Nd7 12.f4 f6 13.Nxc6 bxc6 14.c5 Bc7 15.Bd3 
Nf8 16.Qf3 a5 17.Rfe1 Ba6 18.g3 Bxd3 19.Qxd3 Qb8 20.Nf3 a4 21.bxa4 Rxa4 
22.Reb1 Qa7 23.a3 e5 24.fxe5 fxe5 25.Qf5 e4 26.Ng5 Bd8 27.Rf1 Bf6 28.Qg4 
Qd7 29.Qh5 Rb8 30.Ra2 h6 31.h4 hxg5 32.hxg5 g6 33.Qh4 Bg7 34.Bc3 Rc4 35.
Ba1 Rb3 36.Rh2 Rf3 37.Rb1 e3 38.Rhb2 Qf5 39.Rb7 e2 0-1

[Event "6th EUR-ch (w)"]
[Site "Chisinau MDA"]
[Date "2005.06.23"]
[Round "12"]
[White "Mamedyarova, Turkan"]
[Black "Kalinina, Olga"]
[Result "1-0"]
[WhiteElo "2221"]
[BlackElo "2022"]
[EventDate "2005.06.10"]
[PlyCount "69"]

1.d4 d5 2.Nf3 c5 3.e3 e6 4.b3 Nf6 5.Bb2 Bd6 6.Bd3 O-O 7.O-O b6 8.Nbd2 Bb7 
9.Ne5 Ne4 10.f3 Nxd2 11.Qxd2 c4 12.Be2 f6 13.Ng4 Qc7 14.f4 Nd7 15.Bf3 Ba6 
16.Rfe1 Rfc8 17.c3 b5 18.g3 b4 19.f5 Nb6 20.fxe6 Bb7 21.Rac1 bxc3 22.Bxc3 
h5 23.Nf2 h4 24.Bh5 g6 25.Bxg6 Kg7 26.Bf7 hxg3 27.Nh3 gxh2+ 28.Kh1 Rh8 29.
Qg2+ Kf8 30.Nf4 Bxf4 31.exf4 a5 32.Bb2 Nc8 33.Ba3+ Nd6 34.Qg6 Ke7 35.Qg7 
1-0

[Event "6th EUR-ch (w)"]
[Site "Chisinau MDA"]
[Date "2005.06.23"]
[Round "12"]
[White "Sirotkina, Nina"]
[Black "Cherednichenko, Elena"]
[Result "1-0"]
[WhiteElo "2206"]
[BlackElo "1969"]
[EventDate "2005.06.10"]
[PlyCount "119"]

1.d4 g6 2.Nf3 Bg7 3.g3 d6 4.Bg2 Nd7 5.c4 e5 6.Nc3 Ne7 7.O-O O-O 8.e4 f5 9.
Ng5 Nb6 10.c5 dxc5 11.dxc5 Qxd1 12.Rxd1 Nd7 13.Ne6 Rf7 14.Nxc7 Rb8 15.exf5
Nxc5 16.fxg6 hxg6 17.Rd8+ Rf8 18.Rxf8+ Bxf8 19.Bg5 Bf5 20.N7d5 Nxd5 21.
Bxd5+ Kg7 22.Re1 Re8 23.Kg2 b6 24.h3 Bd6 25.Rd1 Bc7 26.b4 Na6 27.a3 Bb8 
28.Ne4 Bc7 29.Bf6+ Kh6 30.Bg5+ Kg7 31.Rc1 Bd8 32.Be3 Rh8 33.g4 Bd7 34.Bc6 
Bxc6 35.Rxc6 Nc7 36.Rd6 Re8 37.Rd7+ Kg8 38.Bg5 Bxg5 39.Rxc7 Bd8 40.Rxa7 
Kf8 41.Rd7 Be7 42.Rb7 Bd8 43.Nd6 Re6 44.Nc4 e4 45.b5 g5 46.a4 Ke8 47.Kf1 
Rh6 48.Ke2 Kf8 49.Ne5 Rxh3 50.Rb8 Ke8 51.Nc6 Rd3 52.Rxd8+ Rxd8 53.Nxd8 
Kxd8 54.Ke3 Kd7 55.Kxe4 Kd6 56.f4 gxf4 57.Kxf4 Kc5 58.g5 Kb4 59.g6 Kxa4 
60.g7 1-0

[Event "6th EUR-ch (w)"]
[Site "Chisinau MDA"]
[Date "2005.06.23"]
[Round "12"]
[White "Ivanova-Skripova, Tatiana"]
[Black "Lazo, Xenia"]
[Result "1-0"]
[WhiteElo "2205"]
[BlackElo "2001"]
[EventDate "2005.06.10"]
[PlyCount "119"]

1.d4 d5 2.Nf3 Nf6 3.Bg5 Ne4 4.Bf4 c6 5.Nbd2 Qb6 6.Nb3 Bf5 7.e3 e6 8.c3 Be7
9.Be2 O-O 10.O-O a5 11.a4 Na6 12.Ne5 Rfd8 13.f3 Nd6 14.g4 Bg6 15.Nxg6 hxg6
16.Rb1 Ne8 17.Nd2 c5 18.Bg3 Nf6 19.Bd3 cxd4 20.exd4 Bd6 21.f4 Qc7 22.Qf3 
Nb8 23.Rbe1 Nbd7 24.Kg2 Nf8 25.Re2 Qb6 26.Bb5 N8h7 27.h4 Ne8 28.f5 gxf5 
29.gxf5 exf5 30.Qxf5 Nef6 31.Be5 Qc7 32.Nf3 Qc8 33.Qxc8 Raxc8 34.Bxd6 Rxd6
35.Re7 b6 36.Ng5 Rf8 37.Bd3 Nxg5 38.hxg5 Nh5 39.Kf3 g6 40.Ke3 Ng7 41.Kd2 
Ne8 42.Bb5 Re6 43.Rfxf7 Rxe7 44.Rxe7 Nd6 45.Re6 Ne4+ 46.Ke3 Rf3+ 47.Ke2 
Rf2+ 48.Kd3 Rf3+ 49.Ke2 Rf2+ 50.Ke1 Rxb2 51.Rxg6+ Kf8 52.Rxb6 Rb1+ 53.Ke2 
Nxc3+ 54.Kf3 Rb3 55.Kf4 Rb4 56.Ke5 Kg7 57.g6 Nxa4 58.Rb7+ Kxg6 59.Be8+ Kg5
60.Rxb4 1-0

[Event "6th EUR-ch (w)"]
[Site "Chisinau MDA"]
[Date "2005.06.23"]
[Round "12"]
[White "Andronic, Iulia"]
[Black "Lematschko, Tatjana"]
[Result "0-1"]
[WhiteElo "2085"]
[BlackElo "2231"]
[EventDate "2005.06.10"]
[PlyCount "163"]

1.d4 c5 2.c3 e6 3.Nf3 Nf6 4.Nbd2 d5 5.e3 a6 6.Be2 Bd6 7.a3 O-O 8.dxc5 Bxc5
9.b4 Be7 10.c4 dxc4 11.Nxc4 Qxd1+ 12.Bxd1 Nbd7 13.O-O b5 14.Na5 Bd8 15.Nb3
Bb7 16.Bb2 Bb6 17.Rc1 Rac8 18.Be2 Bd5 19.Nfd2 Ne4 20.Nxe4 Bxe4 21.Nd2 Bd5 
22.Bf3 Bxf3 23.Nxf3 Nf6 24.Bd4 Bxd4 25.Nxd4 Ne4 26.Nc6 Rc7 27.Rc2 g6 28.
Rfc1 Rd7 29.f3 Nf6 30.Kf2 Rd3 31.Ra1 Nd5 32.e4 Ne3 33.Re2 Nc4 34.a4 Rd6 
35.axb5 axb5 36.Ra6 Kg7 37.e5 Rd3 38.Na5 Ra3 39.Ra7 Ra4 40.Nc6 Rxa7 41.
Nxa7 Rb8 42.Nc6 Ra8 43.Nd4 Ra4 44.Nxb5 Rxb4 45.Nc3 Rb3 46.Nd1 g5 47.Re4 
Nb6 48.Ne3 Rb5 49.Kg3 Nd7 50.Nc4 Rd5 51.h4 h6 52.hxg5 hxg5 53.Kh3 Kg6 54.
g3 Rd3 55.Re3 Rxe3 56.Nxe3 Nxe5 57.f4 Nc6 58.Kg2 Nd4 59.Kf2 Kh5 60.fxg5 
Kxg5 61.Nc4 Nc6 62.Kf3 f6 63.Ne3 Ne5+ 64.Ke4 Ng4 65.Nc4 f5+ 66.Kf3 Kf6 67.
Kf4 e5+ 68.Kf3 Ke6 69.Nb6 Nf6 70.Nc4 Nd5 71.Nd2 Nf6 72.Nc4 Nh7 73.Nb6 Ng5+
74.Ke3 Ke7 75.Nc4 Kf6 76.Nb6 Nf7 77.Nd7+ Ke7 78.Nb6 Ke6 79.Kf3 Kd6 80.Ke3 
Nd8 81.Nc4+ Ke6 82.Nb6 0-1

[Event "6th EUR-ch (w)"]
[Site "Chisinau MDA"]
[Date "2005.06.23"]
[Round "12"]
[White "Khudaverdieva, Afag"]
[Black "Cicariova, Elena"]
[Result "1-0"]
[WhiteElo "2187"]
[BlackElo "2081"]
[EventDate "2005.06.10"]
[PlyCount "145"]

1.d4 Nf6 2.c4 g6 3.Nc3 Bg7 4.e4 d6 5.Nf3 O-O 6.Be2 e5 7.Be3 Nc6 8.d5 Ne7 
9.Nd2 c5 10.a3 Ne8 11.b4 b6 12.Rb1 f5 13.f3 Nf6 14.a4 Nh5 15.O-O f4 16.Bf2
g5 17.a5 Nf6 18.Na4 h5 19.axb6 axb6 20.bxc5 bxc5 21.Nb6 Rb8 22.Nxc8 Qxc8 
23.Qa4 Ra8 24.Qb3 Rb8 25.Qa4 Ra8 26.Qc2 g4 27.Rb6 Qc7 28.Rfb1 Rfb8 29.Qb2 
Rxb6 30.Qxb6 Qxb6 31.Rxb6 Ra2 32.Be1 Ne8 33.fxg4 Bh6 34.g5 Bxg5 35.Bxh5 
Nf6 36.Bf3 Ra1 37.Rb1 Ra4 38.Kf1 Kf7 39.Rb6 Nc8 40.Rb7+ Ne7 41.Rb6 Nc8 42.
Rc6 Ra8 43.Ke2 Ke8 44.Rc7 Ne7 45.Rb7 Kd8 46.Nb3 Nfg8 47.Na5 Nf6 48.Kd3 Rc8
49.Kc2 Rc7 50.Rb6 Nc8 51.Rb5 Na7 52.Rb3 Kc8 53.Rb6 Kd7 54.Kb3 Nc8 55.Rc6 
Ra7 56.Ka4 Ra8 57.h4 Bh6 58.Bf2 Ng8 59.Bg4+ Kd8 60.Bxc8 Rxc8 61.Nb7+ Kd7 
62.Rxc8 Kxc8 63.Nxd6+ Kd7 64.Nf7 Bg7 65.Bxc5 Ke8 66.Ng5 Nf6 67.Bg1 Bh6 68.
Nf3 Nxe4 69.Nxe5 Ke7 70.Bh2 Nd2 71.d6+ Kxd6 72.Nf7+ Ke6 73.Nxh6 1-0

[Event "6th EUR-ch (w)"]
[Site "Chisinau MDA"]
[Date "2005.06.23"]
[Round "12"]
[White "Minina, Veronika"]
[Black "Kalinina, Larisa"]
[Result "1/2-1/2"]
[WhiteElo "2059"]
[BlackElo "2177"]
[EventDate "2005.06.10"]
[PlyCount "155"]

1.d4 d5 2.c4 dxc4 3.Nf3 Nf6 4.e3 e6 5.Bxc4 c5 6.O-O a6 7.Qe2 cxd4 8.Rd1 d3
9.Rxd3 Qc7 10.Nc3 Nbd7 11.Rd1 b5 12.Bd3 Be7 13.e4 b4 14.Na4 e5 15.Be3 O-O 
16.Rac1 Qa5 17.b3 Bb7 18.Nb2 Qd8 19.Nc4 Qb8 20.Bb1 a5 21.Qb2 Re8 22.g4 Nc5
23.Nfxe5 Nfxe4 24.Qc2 g6 25.Bf4 Ne6 26.Be3 N6g5 27.f4 Nh3+ 28.Kf1 Nc3 29.
Rd7 Be4 30.Qd2 Nxb1 31.Rxb1 Bxb1 32.Qd5 Rf8 33.Nc6 Nxf4 34.Nxe7+ Kh8 35.
Qd4+ f6 36.Bxf4 Qb5 37.g5 h6 38.Nxg6+ Bxg6 39.gxf6 Qf5 40.Ne5 Rxf6 41.Nf7+
Bxf7 42.Rxf7 Qh3+ 43.Kf2 Qh4+ 44.Kf1 Qh3+ 45.Kf2 Qxh2+ 46.Kf1 Qxf4+ 47.
Qxf4 Rxf4+ 48.Rxf4 Kg7 49.Rc4 Rf8+ 50.Kg1 Kg6 51.a3 bxa3 52.Ra4 Rf5 53.
Rxa3 Rb5 54.Ra4 Kf6 55.Kf2 Ke6 56.Ke2 Kd6 57.Kd2 Kc6 58.Kc2 Rc5+ 59.Kd2 
Kb5 60.Rh4 h5 61.Kd3 Rg5 62.Kc3 Kc5 63.Kc2 Kd5 64.Kd2 Ke6 65.Ke2 Rb5 66.
Ra4 Kf5 67.Kf2 Kg5 68.Kg2 h4 69.Kf2 Kf6 70.Rxh4 Rxb3 71.Ra4 Rb5 72.Kg2 Ke6
73.Kf2 Kd6 74.Ke2 Kc6 75.Kd2 Rc5 76.Ra2 Kb5 77.Rc2 Rh5 78.Kc1 1/2-1/2

[Event "6th EUR-ch (w)"]
[Site "Chisinau MDA"]
[Date "2005.06.23"]
[Round "12"]
[White "Golubenko, Valentina"]
[Black "Bulmaga, Irina"]
[Result "1/2-1/2"]
[WhiteElo "2171"]
[BlackElo "2046"]
[EventDate "2005.06.10"]
[PlyCount "95"]

1.d4 d5 2.c4 c6 3.Nf3 Nf6 4.Nc3 a6 5.e3 b5 6.c5 Bg4 7.Qb3 Nbd7 8.a4 Bxf3 
9.gxf3 e5 10.Qa3 Rc8 11.axb5 axb5 12.Qa5 Rc7 13.Bd2 Be7 14.Qa8 Rc8 15.Qa5 
Rc7 16.Bh3 O-O 17.O-O Kh8 18.Ne2 Ne8 19.Qa6 Rc8 20.Ba5 Nc7 21.Qxc6 Nb8 22.
Qb7 f5 23.Bxc7 Rxc7 24.Qxb5 exd4 25.exd4 Nc6 26.Ra6 Qc8 27.Rfa1 g6 28.Qb6 
Nxd4 29.Nxd4 Bxc5 30.Qb5 Bxd4 31.Ra8 Rc1+ 32.Kg2 Rxa1 33.Rxc8 Rxc8 34.Qb4 
Bg7 35.Qb7 Raa8 36.Qxd5 Bxb2 37.Kg3 Rd8 38.Qf7 Rf8 39.Qc4 Rac8 40.Qe2 Bf6 
41.Bf1 Rcd8 42.h4 Rd4 43.f4 Rfd8 44.f3 Bg7 45.Qe6 R4d6 46.Qf7 R6d7 47.Qe6 
Rd6 48.Qf7 1/2-1/2

[Event "6th EUR-ch (w)"]
[Site "Chisinau MDA"]
[Date "2005.06.23"]
[Round "12"]
[White "Butuc, Maria"]
[Black "Babei, Angelica"]
[Result "1-0"]
[WhiteElo "2147"]
[BlackElo "1843"]
[EventDate "2005.06.10"]
[PlyCount "57"]

1.e4 c6 2.d4 d5 3.exd5 cxd5 4.c4 Nf6 5.Nc3 g6 6.cxd5 Bg7 7.Bb5+ Nbd7 8.d6 
exd6 9.Qe2+ Qe7 10.Bf4 Qxe2+ 11.Ngxe2 Ke7 12.O-O a6 13.Bd3 d5 14.a4 Re8 
15.Rfe1 Kf8 16.Bd6+ Kg8 17.Nf4 Ne4 18.Bxe4 dxe4 19.Nfd5 Bxd4 20.Nxe4 Rd8 
21.Bc7 Rf8 22.Bd6 Rd8 23.Nc7 f5 24.Be7 Re8 25.Nd6 Bxb2 26.Ndxe8 Bxa1 27.
Nxa8 Ne5 28.Rxa1 Kf7 29.Nd6+ 1-0

[Event "6th EUR-ch (w)"]
[Site "Chisinau MDA"]
[Date "2005.06.23"]
[Round "12"]
[White "Ankerst, Milka"]
[Black "Vetrila, Sanda"]
[Result "1-0"]
[WhiteElo "2124"]
[BlackElo "1911"]
[EventDate "2005.06.10"]
[PlyCount "109"]

1.e4 c5 2.Nc3 Nc6 3.Nf3 e6 4.d3 g6 5.g3 Bg7 6.Bg2 e5 7.Be3 d6 8.Qd2 Nge7 
9.O-O O-O 10.Nd5 Nxd5 11.exd5 Ne7 12.Nh4 Rb8 13.Rab1 b5 14.b4 Qc7 15.bxc5 
dxc5 16.c4 b4 17.f4 Ba6 18.f5 f6 19.fxg6 hxg6 20.Qf2 Rbc8 21.Kh1 Bb7 22.
Bh3 f5 23.Nf3 Bf6 24.Bg5 Qd6 25.Rbe1 Bxg5 26.Nxg5 Rce8 27.Kg1 Bc8 28.Qe3 
Bd7 29.Qxe5 Qxe5 30.Rxe5 Nc8 31.Ne6 Bxe6 32.dxe6 Kg7 33.Bg2 Kf6 34.Rxc5 
Rxe6 35.g4 Re5 36.g5+ Ke6 37.Bd5+ Kd7 38.Rb5 Nb6 39.d4 Re2 40.Rf2 Re1+ 41.
Kg2 Nxd5 42.Rxd5+ Kc7 43.c5 Rfe8 44.Rd6 R8e6 45.Rxe6 Rxe6 46.d5 Re5 47.Rd2
a5 48.Kf3 a4 49.h4 b3 50.axb3 axb3 51.d6+ Kd7 52.c6+ Kxc6 53.d7 b2 54.d8=Q
b1=Q 55.Qc8+ 1-0

[Event "6th EUR-ch (w)"]
[Site "Chisinau MDA"]
[Date "2005.06.23"]
[Round "12"]
[White "Coimbra, Margarida"]
[Black "Hamelink, Desiree"]
[Result "0-1"]
[WhiteElo "2098"]
[BlackElo "2244"]
[EventDate "2005.06.10"]
[PlyCount "46"]

1.e4 c5 2.Nc3 Nc6 3.g3 g6 4.Bg2 Rb8 5.d3 b5 6.Be3 b4 7.Nce2 Bg7 8.d4 Qa5 
9.Qd2 Ba6 10.c3 bxc3 11.bxc3 cxd4 12.Bxd4 Nxd4 13.cxd4 Qxd2+ 14.Kxd2 Rb2+ 
15.Kc3 Rb6 16.Re1 Nh6 17.Nf3 O-O 18.h3 Rc8+ 19.Kd2 Rb2+ 20.Kd1 Bb5 21.Nd2 
Ba4+ 22.Nb3 Rxa2 23.Nc1 Rac2 0-1

[Event "6th EUR-ch (w)"]
[Site "Chisinau MDA"]
[Date "2005.06.23"]
[Round "12"]
[White "Foisor, Mihaela-Veronica"]
[Black "Baskite, Viktoria"]
[Result "0-1"]
[WhiteElo "1930"]
[BlackElo "2205"]
[EventDate "2005.06.10"]
[PlyCount "94"]

1.d4 d5 2.c4 c6 3.e3 e6 4.Nf3 f5 5.Nbd2 Bd6 6.g3 Nf6 7.Bg2 O-O 8.O-O Nbd7 
9.b3 Ne4 10.Bb2 Qe8 11.Ne5 Nxe5 12.dxe5 Bb4 13.Nb1 Qe7 14.a3 Ba5 15.b4 Bc7
16.Nd2 Bd7 17.f4 Be8 18.Nxe4 dxe4 19.Qe2 c5 20.Bc3 Ba4 21.bxc5 Qxc5 22.Bb4
Qc6 23.Bxf8 Rxf8 24.Rad1 Bxd1 25.Rxd1 Rd8 26.Rxd8+ Bxd8 27.Kf2 Be7 28.Qa2 
Qa4 29.Qb2 b6 30.Bf1 Qxa3 31.Qb5 Kf7 32.Qd7 a5 33.g4 g6 34.gxf5 exf5 35.
Qd5+ Kg7 36.e6 Bh4+ 37.Kg2 Qxe3 38.Qd7+ Kh6 39.Qd1 Qxf4 40.Qe2 e3 41.Qf3 
Qg5+ 42.Kh1 Bf2 43.Bg2 Qf6 44.Qh3+ Kg7 45.Bf1 Qxe6 46.Qg2 e2 47.Qb7+ Kh6 
0-1

[Event "6th EUR-ch (w)"]
[Site "Chisinau MDA"]
[Date "2005.06.23"]
[Round "12"]
[White "Baciu, Diana"]
[Black "Doibani, Lilia"]
[Result "0-1"]
[WhiteElo "1870"]
[BlackElo "2185"]
[EventDate "2005.06.10"]
[PlyCount "90"]

1.e4 c5 2.Nc3 g6 3.f4 Bg7 4.Nf3 d6 5.g3 Nc6 6.Bg2 e5 7.d3 Nge7 8.O-O O-O 
9.Ne2 f5 10.fxe5 dxe5 11.exf5 gxf5 12.Nc3 h6 13.Be3 Nd4 14.Qd2 Qd6 15.Rae1
Nec6 16.a3 Kh7 17.Nh4 Be6 18.Kh1 Rad8 19.Ne2 b5 20.Nxd4 cxd4 21.Bg1 Ne7 
22.Rf2 Bf6 23.Nf3 Bd5 24.Rfe2 Ng6 25.Qa5 Qc6 26.Nd2 Rd7 27.Rf1 Bd8 28.Qb4 
a5 29.Qb3 e4 30.c4 bxc4 31.dxc4 Be6 32.Nxe4 Qxc4 33.Qd1 fxe4 34.Rxf8 Nxf8 
35.Bxe4+ Ng6 36.Rc2 Bd5 37.Qg4 Bxe4+ 38.Qxe4 Qd5 39.Qxd5 Rxd5 40.Rd2 d3 
41.h4 a4 42.Kg2 Ne5 43.Kf2 Bb6+ 44.Kg2 Bxg1 45.Kxg1 Nf3+ 0-1

[Event "6th EUR-ch (w)"]
[Site "Chisinau MDA"]
[Date "2005.06.23"]
[Round "12"]
[White "Apanaviciute, Kristina"]
[Black "Harbuz, Daniela"]
[Result "0-1"]
[WhiteElo "2028"]
[BlackElo "2040"]
[EventDate "2005.06.10"]
[PlyCount "72"]

1.e4 g6 2.d4 Bg7 3.Nf3 d6 4.c3 Nf6 5.Bd3 O-O 6.O-O Nbd7 7.Nbd2 c5 8.Re1 a6
9.a4 b6 10.Nf1 Rb8 11.Qe2 Ne8 12.Bxa6 Bxa6 13.Qxa6 Nc7 14.Qd3 d5 15.exd5 
Nxd5 16.Bd2 Re8 17.Ng3 Rc8 18.dxc5 Nxc5 19.Qc2 Qc7 20.Ne4 e5 21.Nxc5 Qxc5 
22.Qe4 f5 23.Qh4 e4 24.Ng5 h6 25.Nh3 g5 26.Qh5 f4 27.Re2 Nf6 28.Qg6 e3 29.
fxe3 fxe3 30.b4 exd2+ 31.bxc5 Rxe2 32.Kf1 Rce8 33.Qxe8+ Rxe8 34.cxb6 Nd5 
35.Nf2 Bxc3 36.Rb1 Re1+ 0-1

[Event "6th EUR-ch (w)"]
[Site "Chisinau MDA"]
[Date "2005.06.23"]
[Round "12"]
[White "Talmazan, Olga"]
[Black "Iurascu, Mihaela"]
[Result "1/2-1/2"]
[WhiteElo "2013"]
[BlackElo "1906"]
[EventDate "2005.06.10"]
[PlyCount "43"]

1.e4 c6 2.d4 d5 3.Nc3 dxe4 4.Nxe4 Bf5 5.Nc5 Nd7 6.Bd3 Bxd3 7.Nxd3 e6 8.Nf3
Ngf6 9.O-O Bd6 10.b3 O-O 11.Bb2 Qc7 12.c4 b6 13.h3 Rfd8 14.Qe2 a5 15.Rfd1 
h6 16.Rac1 Bf4 17.Nxf4 Qxf4 18.Ne5 Rac8 19.Rd3 Qe4 20.Qxe4 Nxe4 21.Rcd1 
Kf8 22.d5 1/2-1/2